Mazurca para Camilo José Cela en conmemoración de su 70 cumpleaños)

Uloženo v:
Podrobná bibliografie
Hlavní autor: Cela, Camilo José
Médium: Kniha
Jazyk:Undetermined
Vydáno: Madrid, España Francisco López 1986
Témata:
Tagy: Přidat tag
Žádné tagy, Buďte první, kdo vytvoří štítek k tomuto záznamu!

MARC

LEADER 00000nam a2200000Ia 4500
008 170316s9999 xx 000 0 und d
040 |a cru BVZT 
090 |a 862 C-33m 
100 |a Cela, Camilo José 
245 |a Mazurca para Camilo José Cela en conmemoración de su 70 cumpleaños) 
260 |a Madrid, España  |b Francisco López  |c 1986 
300 |a 105 páginas 
650 |a LITERATURA ESPAÑOLA 
650 |a CRÍTICA LITERARIA 
650 |a CAMILO JOSÉ CELA 
650 |a BIOGRAFÍA 
999 |c 9664  |d 9664 
942 |c 15 D  |h 862 C-33m  |2 z